Koncepčné východiská priemyselnej politiky

Vymedzenie charakteru a úloh priemyselnej politiky. Faktory determinujúce miesto a význam priemyselnej politiky. Koncepcie postindustriálnej transformácie odrážajúce kvalitatívne zmeny. Atribúty priemyselnej politiky 21. storočia. Potreba inovácie prístupu ku koncepčným východiskám priemyselnej...

Descrizione completa

Salvato in:
Dettagli Bibliografici
Autore principale: Hečková, Jaroslava
Natura: Capitolo di libro
Lingua:slovacco
Soggetti:
Tags: Aggiungi Tag
Nessun Tag, puoi essere il primo ad aggiungerne!!

MARC

LEADER 00000nla$a2200000$$$4500
001 0050891
005 20240502071604.3
041 0 |a slo 
044 |a SK 
245 1 0 |a Koncepčné východiská priemyselnej politiky  |c Jaroslava Hečková 
520 |a Vymedzenie charakteru a úloh priemyselnej politiky. Faktory determinujúce miesto a význam priemyselnej politiky. Koncepcie postindustriálnej transformácie odrážajúce kvalitatívne zmeny. Atribúty priemyselnej politiky 21. storočia. Potreba inovácie prístupu ku koncepčným východiskám priemyselnej politiky. 
610 2 0 |a politika hospodárska 
610 2 0 |a politika priemyselná 
610 2 0 |a konkurencia 
610 2 0 |a transformácia 
610 2 0 |a koncepcie 
610 2 0 |a inovácia 
610 2 0 |a adaptácia 
610 2 0 |a integrácia 
610 2 0 |a globalizácia hospodárstva 
100 1 |a Hečková, Jaroslava